000 00524nam a22001817a 4500
003 0
005 20241114155728.0
008 241114b xxu||||| |||| 00| 0 eng d
020 _a978-1-98468-815-6
050 _aQH 302.5
_b.Il45 2024
245 _aIllustrated dictionary of biology
_cedited by Alfred Shaw
250 _a3rd edition
260 _aNew York
_b3G E-Learning
_c2024
300 _a227 pages :
_bcolored illustrations ;
_c26cm.
650 _aDictionary, Biology of.
650 _aBiology.
942 _2lcc
_cBK
999 _c366726
_d366726